Normal view MARC view
  • Human Resource

Entry Topical Term

Number of records used in: 1

001 - CONTROL NUMBER

  • control field: 74223

003 - CONTROL NUMBER IDENTIFIER

  • control field: OSt

005 - DATE AND TIME OF LATEST TRANSACTION

  • control field: 20220806112610.0

008 - FIXED-LENGTH DATA ELEMENTS

  • fixed length control field: 220806|| aca||aabn | a|a d

040 ## - CATALOGING SOURCE

  • Original cataloging agency: OSt
  • Transcribing agency: OSt

150 ## - HEADING--TOPICAL TERM

  • Topical term or geographic name entry element: Human Resource

670 ## - SOURCE DATA FOUND

  • Source citation: Work cat.: (OSt)41340: Lawrence, M. D. and Others 74222, Business Administration - V (Human Resource Management)(Sem.-III), 2014